TV Shows From Characters' First Names II Quiz Stats

 Plays Quiz Updated Jun 25, 2018

Score 0/24 Timer 05:00
2 Plays Today
% Correct
Scooby-Doo, Where Are You!
90.7%
How I Met Your Mother
89.3%
The Big Bang Theory
89%
Sex and the City
85.9%
South Park
84.6%
The Office (US)
81.9%
The Fresh Prince of Bel-Air
80.8%
Cheers
80.1%
The Simpsons
79%
Riverdale
73.2%
Gilmore Girls
70.3%
The Sopranos
67.1%
% Correct
Beverly Hills, 90210
63.7%
Futurama
57.6%
Will & Grace
56.9%
Stranger Things
53.3%
Star Trek
52.1%
Pretty Little Liars
51.1%
Fawlty Towers
49.3%
Downton Abbey
47.2%
M*A*S*H
46.5%
Freaks and Geeks
37.4%
Westworld
35.1%
Friday Night Lights
32.7%

You're not logged in!

Compare scores with friends on all Sporcle quizzes.
OR
Log In

Sporcle TV

Today on Sporcle TV


Watch our educational content, quiz creation guides, and fun videos on Sporcle TV.

Show Comments

Extras

Top Quizzes Today


Score Distribution

Your Account Isn't Verified!

In order to create a playlist on Sporcle, you need to verify the email address you used during registration. Go to your Sporcle Settings to finish the process.

Report this User

Report this user for behavior that violates our Community Guidelines.

Details: